MDQL
is popping MORE tags! Check the
thread
!
Quizzes
Events
Quiz Creation
Community
Videos
Private Events
Remove Ads
Sign In
Join for FREE
Feedback
Dark Mode
Quiz Categories
Sports
Geography
Music
Movies
Television
Just For Fun
Miscellaneous
History
Literature
Language
Science
Gaming
Entertainment
Religion
Holiday
For Kids
Quiz Lab
Recent
Popular Today
Quiz Kudos Today
Editor Picks
Curator Picks
Quizzes by...
Day
Popularity
Type
Ratings
Length
Year
Community
Subscriptions
Recent Discussions
Orange Saloon
Badges
Playlists
Quests
Create
Leaderboards
Showdown
Live 5
Trivia Bingo
Activity
Puzzle Library
Sporcle Events
Private Events
Virtual Trivia
Globe League
Become a Host
Pub Owners
SporcleCon
Opinionation
Our Games
Videos
Blog
Mobile Apps
Partnerships
Remove Ads and Go Orange
Feedback
Television
TV Characters
TV Show
Sitcom
Network
Friends
Reality Shows
Cast
South Park
Star Trek
The Simpsons
Doctor Who
Television
TV Characters
TV Show
Sitcom
Network
Friends
Reality Shows
Cast
South Park
Star Trek
The Simpsons
Doctor Who
Random Quiz
Search Sporcle
×
Quiz Lab
Quiz Lab
Television
Show
Type in answers that appear in a list
Type in answers that appear in a list
Classic
Best Score? Go Orange.
TV show by its guest stars Stats
Can you name the TV shows by the guest stars listed below?
By
totebags
6m
17 Questions
339 Plays
339 Plays
339 Plays
Comments
Comments
Give Quiz Kudos
Give Quiz Kudos
-
- Ratings
hide this ad
Replay
Link that replays current quiz
Next Quiz
Link to next quiz in quiz playlist
You Got
0%
They Got
Avg Score
34%
Avg Friend Score
Upgrade to see
Score Distribution
Jump to the score distribution portion of the page
Score
0/17
Timer
06:00
0
Plays Today
Guest star
TV show
% Correct
Jean-
Claude Van Damme, Danny DeVito, Kathleen Turner
Friends
70.2%
Keith Hernandez, Cary Elwes, Marisa Tomei
Seinfeld
59.3%
Amy Adams, Amy Ryan, Idris Elba
The Office
57.2%
The Beach Boys, Jaleel White, Will Estes
Full House
52.5%
Elizabeth Taylor, the Smashing Pumpkins, Rodney Dangerfield
The Simpsons
51.9%
Heather Graham, Amy Smart, Tom Cavanaugh
Scrubs
51.3%
Edie Falco, Steve Buscemi, Andy Richter
30 Rock
44.2%
Gary Busey, James Cameron, Mark Walhberg
Entourage
41.9%
Judge Reinhold, Martin Short, Andy Richter
Arrested Development
37.2%
Guest star
TV show
% Correct
Davy Jones, Joe Namath, Desi Arnaz Jr.
Brady Bunch
33%
Chevy Chase, Felicity Huffman, Jerry Stiller
Law and Order (original)
23.9%
Rachel Bilson, Dominic Monaghan, Andy Richter
Chuck
15.9%
Amy Sedaris, Andy Richter, John Turturro
Monk
13.9%
Isaac Mizrahi, Candice Bergen, Heather Graham
Sex and the City
13.3%
Bradley Cooper, John Ritter, Bob Saget
Law and Order: Special Victims Unit
12.7%
David Cross, Jenny McCarthy, Andy Richter
Just Shoot Me
10.6%
Kelsey Grammer, Ashley Judd, Teri Hatcher
Star Trek: The Next Generation
5.9%
Quiz Playlist
Details
Report
Send in Message
Add To Playlist
Classic:
Type in answers that appear in a list
Last Updated: Feb 16, 2017
Quiz Scoreboard
CHALLENGE
Sign Up to Join the Scoreboard
Show All
Scores
Hide
Comments
May contain spoilers
Recently Published
Two Season TV Shows II
by 123Four
Television
10m
Image Sorting: Flags VI
by Barbecue
Geography
2m
Find the 'City' Movie
by crazypaving
Movies
60s
More to Explore
Quiz From the Vault
Featured Blog Post
14 Easter Pick-up Lines to Find Eggs With
hide this ad
You Might Also Like...
Tags
Show Quiz
guest
star
Today's Top Quizzes in Television
Browse Television
hide this ad
Today's Top Quizzes in Show
Browse Show
Top Contributed Quizzes in Television
1
Survivor Journey Challenge
2
Adjectives in 00s TV Shows
3
Brooklyn Nine Nine Logic Puzzle (How-To-Play)
4
Even More Two Season TV Shows
5
Total Drama Characters
6
Survivor Logic Puzzle: Heroes vs. Villains
7
Adjectives in 10s TV Shows
8
Survivor Heroes vs. Villains Logic Puzzle
9
Phoebe Buffay Quotes
10
Survivor Seasons
Explore More
Trending Topics
NBA
Harry Potter
Marvel
Anime
Disney
Crossword
Kpop
Country
Puzzle
Soccer
NFL
WWE
The Office
Song
Pokémon
hide this ad
More By:
totebags
Quiz
Plays
Rating
Category
Featured
Created
San Francisco Bay Area Toll Bridges
488
5.00
Geography
Jan 28, 2010
TV show by its guest stars
339
4.40
Television
Nov 19, 2009
Eight is Enough children
293
5.00
Television
Jan 8, 2010
Words or phrases that contain 'Californi-'
226
4.00
Just For Fun
Feb 14, 2010
Going to Disney World/Disneyland
198
Sports
Feb 9, 2010
Go to Creator's Profile
Score Distribution
Quiz Creator Spotlight
totebags
Follow
Send a Message
Quizzes Created
-
Created Quiz Play Count
-
More By This Creator
Popular Quizzes Today
1
Find the US States - No Outlines Minefield
2
Colored Red Africa Blitz
3
Find the 'City' Movie
4
5x2 Blitz: Bands
5
The Countries of the World
6
Find the Countries of Europe - No Outlines Minefield
7
Find the US States
8
US States
More Television Quizzes
Vanishing TV Characters II
Published
Trending Quizzes
Colored Red Europe Blitz I
Colored Red Africa Blitz II
Colored Red Europe Blitz II
Colored Red Europe Blitz III
Colored Red Africa Blitz III
Recently Updated
How Do You Spell That?
pecheneg
Godzilla Movies
pecheneg
Grab Bag: 4-10 Letters
pecheneg
2024 March Madness Bracket
pecheneg
Famous TV Couples
Peacemaker
Champions League XIs: Real Madrid
pecheneg
Largest US Cities 1790-2010
pecheneg
Rides in Walt Disney World
pecheneg
Most Oscar Losses (Acting)
pecheneg
Beyoncé Albums
pecheneg
Trending Topics
Disney
Crossword
Kpop
Marvel
NBA
Anime
Harry Potter
The Office
Country
Song
WWE
Soccer
NFL
Puzzle
Pokémon
Your Account Isn't Verified!
In order to create a playlist on Sporcle, you need to verify the email address you used during registration. Go to your
Sporcle Settings
to finish the process.
Report this User
Report this user for behavior that violates our
Community Guidelines
.
Details:
Send Report
Go to the Sporcle.com Mobile Site →
Comments